Noticias estadísticas de la Isla de Cuba en 1862 / (Record no. 153353)

MARC details
000 -LEADER
campo de control de longitud fija 01115nam a2200217 i 4500
001 - NÚMERO DE CONTROL
campo de control 153353
003 - IDENTIFICADOR DE NÚMERO DE CONTROL
campo de control ES-MaACL
005 - FECHA Y HORA DE LA ÚLTIMA TRANSACCIÓN
campo de control 20230906205204.0
008 - DATOS DE LONGITUD FIJA--INFORMACIÓN GENERAL
campo de control de longitud fija 990421s1864 cu s |||| | spa d
040 ## - FUENTE DE CATALOGACIÓN
Centro catalogador/agencia de origen M-RACM
Lengua de catalogación spa
Centro/agencia transcriptor M-RACM
Centro/agencia modificador CCPB | B
110 1# - ENTRADA PRINCIPAL--NOMBRE DE ENTIDAD CORPORATIVA
Nombre de entidad corporativa o nombre de jurisdicción como elemento de entrada Cuba.
Unidad subordinada Ministerio de Hacienda.
9 (RLIN) 134313
245 10 - MENCIÓN DEL TÍTULO
Título Noticias estadísticas de la Isla de Cuba en 1862 /
Mención de responsabilidad, etc. dispuestas y publicadas por el centro de estadística conforme a órdenes e instrucciones del intendente de Hacienda Conde Armildez de Toledo.
260 ## - PUBLICACIÓN, DISTRIBUCIÓN, ETC.
Lugar de publicación, distribución, etc. Habana :
Nombre del editor, distribuidor, etc. [s.n.],
Fecha de publicación, distribución, etc. 1864 (
Fabricante Imprenta del gobierno, Capitania General y Real Hacienda)
300 ## - DESCRIPCIÓN FÍSICA
Extensión [6, 78, 12] h. ;
Dimensiones 41 cm.
530 ## - NOTA DISPONIBLE DE FORMULARIO FÍSICO ADICIONAL
Nota de formato físico adicional disponible Disponible en formato digital.
597 ## - NOTA DE DESCRIPCIÓN FÍSICA
NOTA DE DESCRIPCIÓN FÍSICA Texto enmarcado.
651 #4 - PUNTO DE ACCESO ADICIONAL DE MATERIA--NOMBRE GEOGRÁFICO
Nombre geográfico Cuba-
Subdivisión general Estadísticas.
9 (RLIN) 137104
700 1# - ENTRADA AGREGADA--NOMBRE PERSONAL
Nombre de persona Armildez de Toledo,
Títulos y otros términos asociados al nombre Conde.
9 (RLIN) 165587
852 ## - LOCALIZACIÓN
Ubicación ES-MaACL
Número de control de estantería G-4403
Nota libre -- Enc. tela
-- -- Enc. con [4] p. de la Intendencia General de Real Hacienda de Cuba, de 1868 y [1] h. pleg. de Real Orden del Ministerio de Ultramar de 1867
856 ## - LOCALIZACIÓN Y ACCESO ELECTRÓNICOS
Identificador Uniforme de Recursos <a href="http://bdh-rd.bne.es/viewer.vm?id=0000204775&page=1 ">http://bdh-rd.bne.es/viewer.vm?id=0000204775&page=1 </a>
Nota pública Biblioteca Digital Hispánica
Holdings
Estatus retirado Estado de pérdida Estado de daño No para préstamo Colección Biblioteca de origen Biblioteca actual Ubicación en estantería Fecha de adquisición Fuente de adquisición Total de préstamos Signatura topográfica completa Código de barras Visto por última vez Precio de reemplazo Tipo de ítem Koha
        Colección digital Biblioteca del Ateneo de Madrid Biblioteca del Ateneo de Madrid Depósito 2 17/01/2008     G-4403 1160263 23/02/2023 23/02/2023 Libro impreso antiguo